مكتبة جامعة عجلون الوطنية

فهرس بحث المكتبة

Normal view MARC view
  • القضاه، محمد احمد حسن

Entry Personal Name

Number of records used in: 1

001 - CONTROL NUMBER

  • control field: 58193

003 - CONTROL NUMBER IDENTIFIER

  • control field: JO-AjAnu

005 - DATE AND TIME OF LATEST TRANSACTION

  • control field: 20230606083526.0

008 - FIXED-LENGTH DATA ELEMENTS

  • fixed length control field: 230606|| aca||aabn | a|a d

040 ## - CATALOGING SOURCE

  • Original cataloging agency: JO-AjAnu
  • Transcribing agency: JO-AjAnu

100 ## - HEADING--PERSONAL NAME

  • Personal name: القضاه، محمد احمد حسن

670 ## - SOURCE DATA FOUND

  • Source citation: Work cat.: (JO-AjAnu)29688: القضاه، محمد احمد حسن , author, الوافي في شرح قانون الاحوال الشخصيه الاردني الجدبد رقم (36) لسنة 2010م: انحلال عقد الزواج واثارة - حقوق الاولاد والاقارب، الكتاب الثاني